| 000 | 00501nam a2200157 a 4500 | ||
|---|---|---|---|
| 005 | 20140412111330.0 | ||
| 008 | 030206s19uu xx 00 eng d | ||
| 020 | _a971-8543-16-3 | ||
| 050 |
_aFil E _bNe24 1990 |
||
| 100 | _aMacapagal, Mayette | ||
| 245 |
_aSi Neneng at ang tindang tubig / _cby Mayette Macapagal ; Mike Victa. |
||
| 260 |
_aManila, Philippines : _bAsian Social Institute Printing Press, _c1990. |
||
| 300 | _a12 p. ; ill. | ||
| 650 | _aFilipino, Children stories | ||
| 999 |
_c104872 _d104872 |
||